000
00296nam a22001457a 4500
008
210311b ||||| |||| 00| 0 eng d
020
_a
9781285437422
041
_a
eng
080
_2
6th
_a
32
082
_a
32
100
_a
19
101
_a
SHP
245
_a
GOVT
_c
Sidlow, E
942
_2
udc
_c
BK
999
_c
56412
_d
56412